Extinct countries map quiz - Statistics

General Stats
  • This quiz has been taken 1,781 times
  • The average score is 10 of 16
Answer Stats
Picture Answer % Correct
Roman Empire
99%
Japanese Empire
88%
Ottoman Empire
88%
German Empire
86%
Republic of Texas
80%
Holy Roman Empire
78%
Kingdom of Prussia
73%
Kingdom of Brittany
70%
Kingdom of Bavaria
61%
Republic of Venice
61%
Kingdom of Naples
57%
Papal states
57%
Umayyad Caliphate
57%
Kingdom of Wallachia
34%
Angevin Empire
19%
Sultanate of Rum
15%
No matching quizzes found
Score Distribution
Percent of People with Each Score
Percentile by Number Answered
Your Score History
You have not taken this quiz